[Event "PHI-ch (Women)"]
[Site "Quezon City"]
[Date "2019.09.06"]
[Round "6"]
[White "Suede, Mikee Charlene"]
[Black "Allaney, Jia G Doroy"]
[Result "1-0"]
[WhiteElo "2057"]
[BlackElo "1922"]
[PlyCount "149"]
[EventDate "2019.09.04"]
[EventType "tourn"]
[EventRounds "13"]
[EventCountry "PHI"]
[SourceTitle "EXT 2020"]
[Source "ChessBase"]
[SourceDate "2019.10.17"]
[SourceVersion "1"]
[SourceVersionDate "2019.10.17"]
[SourceQuality "1"]

1. e4 g6 2. f4 Bg7 3. g3 c5 4. Nc3 Nc6 5. d3 e6 6. Bg2 Nge7 7. Nf3 d5 8. 0-0 0-0 9. Kh1 b6 10. a3 Bb7 11. Rb1 Rc8 12. Qe1 Nd4 13. Qf2 Qc7 14. g4 a6 15. e5 Nxf3 16. Qxf3 Bc6 17. Bd2 b5 18. Be1 b4 19. Ne2 d4 20. Qf2 bxa3 21. bxa3 Rb8 22. Bd2 Bxg2+ 23. Qxg2 Rxb1 24. Rxb1 Rb8 25. Rxb8+ Qxb8 26. Qf1 Qb2 27. Qc1 Qb7+ 28. Kg1 Qf3 29. Qf1 Qxg4+ 30. Qg2 Qh5 31. h3 Nd5 32. Kf2 Qh4+ 33. Qg3 Qd8 34. Qg1 Bh6 35. Kf3 Qa8 36. Kf2 Qb8 37. Qc1 Kg7 38. Ng3 Qd8 39. Ne2 f6 40. c4 Nc7 41. Qb2 fxe5 42. Qb7 Qe7 43. Ba5 Nd5 44. Qxe7+ Nxe7 45. fxe5 Nc6 46. Bc7 Bg5 47. Kf3 Bd8 48. Bd6 Be7 49. Bc7 g5 50. Nc1 Kg6 51. Ke4 Kh5 52. Nb3 Kh4 53. Bd6 Kxh3 54. Bxe7 Nxe7 55. Nxc5 g4 56. Nxe6 g3 57. Nxd4 h5 58. e6 Kg4 59. Nc2 g2 60. Ne3+ Kg3 61. Nxg2 Kxg2 62. d4 h4 63. d5 h3 64. d6 h2 65. dxe7 h1Q 66. e8Q Kf2+ 67. Kd4 Qa1+ 68. Kd5 Qxa3 69. Qf7+ Ke3 70. Qa7+ Kf3 71. e7 Qd3+ 72. Qd4 Qf5+ 73. Kd6 Qg6+ 74. Kc5 Qe8 75. Qd8 1-0

[Event "PHI-ch (W) Battle of WGM"]
[Site "Manila"]
[Date "2016.09.10"]
[Round "7"]
[White "Bernales, Christy Lamiel"]
[Black "Suede, Mikee Charlene"]
[Result "0-1"]
[WhiteElo "2059"]
[BlackElo "2096"]
[PlyCount "75"]
[EventDate "2016.09.06"]
[EventType "tourn"]
[EventRounds "11"]
[EventCountry "PHI"]
[SourceTitle "EXT 2019"]
[Source "ChessBase"]
[SourceDate "2018.10.10"]
[SourceVersion "1"]
[SourceVersionDate "2018.10.10"]
[SourceQuality "1"]

1. e4 e6 2. d4 d5 3. Nd2 h6 4. Ngf3 Nf6 5. Bd3 c5 6. e5 Nfd7 7. c3 Nc6 8. 0-0 g5 9. Bb5 g4 10. Ne1 cxd4 11. cxd4 Nxd4 12. Bxd7+ Bxd7 13. Qxg4 Nf5 14. Nef3 h5 15. Qh3 Qb6 16. Nb3 Rc8 17. Bd2 Rc4 18. Rfc1 Rg4 19. Rc2 Rhg8 20. Ne1 Nh4 21. Ba5 Qa6 22. f3 Ra4 23. Rac1 Bc6 24. Bd2 Nf5 25. f4 Qb6+ 26. Kh1 Rxa2 27. Qd3 h4 28. Nf3 Ra4 29. Nc5 Bxc5 30. Rxc5 h3 31. g3 d4 32. b4 Ra2 33. b5 Bxf3+ 34. Qxf3 Ne7 35. Bb4 a5 36. Ba3 Rg6 37. Qh5 Rxa3 38. Rc8+ 0-1

[Event "PHI-ch (W) Battle of WGM"]
[Site "Manila"]
[Date "2016.09.08"]
[Round "4"]
[White "Suede, Mikee Charlene"]
[Black "Yaon, Michelle"]
[Result "1/2-1/2"]
[WhiteElo "2096"]
[BlackElo "1814"]
[PlyCount "112"]
[EventDate "2016.09.06"]
[EventType "tourn"]
[EventRounds "11"]
[EventCountry "PHI"]
[SourceTitle "EXT 2019"]
[Source "ChessBase"]
[SourceDate "2018.10.10"]
[SourceVersion "1"]
[SourceVersionDate "2018.10.10"]
[SourceQuality "1"]

1. e4 c5 2. Nc3 Nc6 3. f4 e6 4. Nf3 a6 5. Be2 b5 6. d4 d5 7. exd5 exd5 8. 0-0 Nf6 9. Re1 Be7 10. dxc5 Bxc5+ 11. Kh1 0-0 12. Ne5 Nxe5 13. fxe5 Ne4 14. Nxe4 dxe4 15. Qxd8 Rxd8 16. a4 Bd7 17. axb5 axb5 18. Bf4 Bc6 19. h3 h6 20. Rad1 g5 21. Bg3 Kg7 22. h4 Re8 23. Bg4 gxh4 24. Bf4 Rad8 25. Ra1 Ra8 26. Rad1 Red8 27. Kh2 Kg6 28. Rxd8 Rxd8 29. Ra1 Ra8 30. Rf1 h5 31. Bh3 Bd5 32. Bc1 e3 33. Bf5+ Kg7 34. Bd3 Bc4 35. Bxc4 bxc4 36. Re1 Ra1 37. Bd2 Rxe1 38. Bxe1 Bd4 39. b4 cxb3 40. cxb3 Bxe5+ 41. Kh3 f5 42. Kxh4 Kg6 43. b4 f4 44. b5 Bc7 45. Kh3 Kf5 46. Kh4 Kg6 47. Kh3 Bd8 48. g4 f3 49. gxh5+ Kxh5 50. Kg3 f2 51. Bxf2 Bh4+ 52. Kf3 exf2 53. Kg2 Kg4 54. b6 Bg3 55. b7 f1Q+ 56. Kxf1 Kf3 1/2-1/2

[Event "PHI-ch (W) Battle of WGM"]
[Site "Manila"]
[Date "2016.09.07"]
[Round "3"]
[White "Galas, Bernadette"]
[Black "Suede, Mikee Charlene"]
[Result "1/2-1/2"]
[WhiteElo "2111"]
[BlackElo "2096"]
[PlyCount "60"]
[EventDate "2016.09.06"]
[EventType "tourn"]
[EventRounds "11"]
[EventCountry "PHI"]
[SourceTitle "EXT 2019"]
[Source "ChessBase"]
[SourceDate "2018.10.10"]
[SourceVersion "1"]
[SourceVersionDate "2018.10.10"]
[SourceQuality "1"]

1. d4 d5 2. Nf3 Nf6 3. Bf4 c5 4. e3 Nc6 5. c3 Qb6 6. Qb3 c4 7. Qxb6 axb6 8. Na3 Na7 9. Bc7 b5 10. Nc2 Bf5 11. Nb4 e6 12. a3 h6 13. Be2 Be7 14. 0-0 0-0 15. Nd2 Rfc8 16. Bg3 Nd7 17. f3 Nb6 18. e4 Bg6 19. Bd1 Nc6 20. Bc2 Na5 21. Rae1 Bxb4 22. axb4 Nc6 23. Ra1 Na4 24. Bxa4 bxa4 25. Rfe1 b5 26. Nb1 Ra7 27. Na3 Rb7 28. h4 Rd8 29. e5 h5 30. Bf4 Bf5 1/2-1/2

[Event "PHI-ch (Women)"]
[Site "Manila"]
[Date "2016.06.25"]
[Round "9"]
[White "Bernales, Christy Lamiel"]
[Black "Suede, Mikee Charlene"]
[Result "1-0"]
[WhiteElo "2037"]
[BlackElo "2100"]
[PlyCount "115"]
[EventDate "2016.06.20"]
[EventType "tourn"]
[EventRounds "13"]
[EventCountry "PHI"]
[SourceTitle "CBM 173 Extra"]
[Source "ChessBase"]
[SourceDate "2016.08.29"]
[SourceVersion "1"]
[SourceVersionDate "2016.08.29"]
[SourceQuality "1"]

1. e4 e6 2. d4 d5 3. Nd2 Nc6 4. Ngf3 Nf6 5. e5 Nd7 6. c3 f6 7. Bb5 a5 8. 0-0 g6 9. Re1 Bg7 10. Nf1 0-0 11. Bxc6 bxc6 12. exf6 Qxf6 13. Bg5 Qf7 14. Qa4 Bb7 15. Bh4 Rfe8 16. Bg3 Nb6 17. Qc2 Nc4 18. Ne5 Nxe5 19. Bxe5 Qe7 20. Nd2 a4 21. b3 axb3 22. Nxb3 Qa3 23. h4 Qe7 24. h5 gxh5 25. Nc5 Bc8 26. a4 h4 27. Qe2 Qg5 28. Bxg7 Kxg7 29. Qe5+ Qxe5 30. Rxe5 Ra5 31. Kh2 Kf6 32. Rae1 Rg8 33. Rh5 Rg7 34. f4 Re7 35. Rxh4 Ra8 36. Rh6+ Kg7 37. Rh5 Rb8 38. f5 Kf6 39. fxe6 Rb2 40. Rhe5 Rc2 41. R5e3 h6 42. R1e2 Rc1 43. Rf2+ Kg7 44. Rg3+ Kh7 45. Rf8 Bxe6 46. Re3 Ra1 47. Nxe6 Rxa4 48. Rc8 Rf7 49. Rxc7 Rxc7 50. Nxc7 Rc4 51. Ne6 Kg6 52. Nc5 Kg5 53. Kg3 h5 54. Kh3 Kg6 55. Kh4 Kh6 56. Rg3 Kh7 57. Kxh5 Kh8 58. Re3 1-0

[Event "PHI-ch (Women)"]
[Site "Manila"]
[Date "2016.06.23"]
[Round "5"]
[White "Galas, Bernadette"]
[Black "Suede, Mikee Charlene"]
[Result "0-1"]
[WhiteElo "2121"]
[BlackElo "2100"]
[PlyCount "64"]
[EventDate "2016.06.20"]
[EventType "tourn"]
[EventRounds "13"]
[EventCountry "PHI"]
[SourceTitle "CBM 173 Extra"]
[Source "ChessBase"]
[SourceDate "2016.08.29"]
[SourceVersion "1"]
[SourceVersionDate "2016.08.29"]
[SourceQuality "1"]

1. e4 e6 2. d4 d5 3. Nd2 Nc6 4. Ngf3 Nf6 5. e5 Nd7 6. Be2 f6 7. exf6 Qxf6 8. Nf1 Bd6 9. Ne3 0-0 10. 0-0 h6 11. c4 dxc4 12. d5 Nce5 13. dxe6 Nxf3+ 14. Bxf3 Ne5 15. Be4 Qf4 16. f3 Bxe6 17. Bd5 Bxd5 18. Qxd5+ Kh8 19. Ng4 Qf7 20. Qxf7 Rxf7 21. Nf2 Bc5 22. Kh1 Bd4 23. Bd2 Bxb2 24. Rab1 c3 25. Bc1 Nc4 26. Bxb2 cxb2 27. Rfd1 Rf6 28. Rd4 b5 29. a4 Ra6 30. axb5 Ra1 31. Rdd1 Rxb1 32. Rxb1 Rb8 0-1

[Event "Olongapo City Puregold op"]
[Site "Olongapo City"]
[Date "2015.11.21"]
[Round "9"]
[White "Suede, Mikee Charlene"]
[Black "Mendoza, Shania Mae"]
[Result "1/2-1/2"]
[WhiteElo "2085"]
[BlackElo "2057"]
[PlyCount "63"]
[EventDate "2015.11.16"]
[EventType "game"]
[EventRounds "10"]
[EventCountry "PHI"]
[SourceTitle "CBM 169 Extra"]
[Source "ChessBase"]
[SourceDate "2015.12.18"]
[SourceVersion "1"]
[SourceVersionDate "2015.12.18"]
[SourceQuality "1"]

1. e4 e5 2. Nc3 Nf6 3. Bc4 Nc6 4. d3 Na5 5. Nf3 Nxc4 6. dxc4 Bb4 7. Bd2 d6 8. Qe2 Bxc3 9. Bxc3 0-0 10. 0-0 Qe7 11. h3 Be6 12. Rfd1 Nd7 13. Nd2 h6 14. Nf1 Rad8 15. Ne3 Nf6 16. Nd5 Nxd5 17. cxd5 Bd7 18. Bd2 b6 19. c4 Kh8 20. b3 Kg8 21. f3 f5 22. Rf1 fxe4 23. fxe4 Rxf1+ 24. Rxf1 Rf8 25. Rxf8+ Qxf8 26. Qf2 Qxf2+ 27. Kxf2 Kf7 28. Kf3 Kf6 29. g4 g5 30. Be1 Kg6 31. h4 Kf6 32. h5 1/2-1/2

[Event "Olongapo City Puregold op"]
[Site "Olongapo City"]
[Date "2015.11.18"]
[Round "4"]
[White "Suede, Mikee Charlene"]
[Black "Pacis, Adrian"]
[Result "1-0"]
[WhiteElo "2085"]
[BlackElo "2254"]
[PlyCount "89"]
[EventDate "2015.11.16"]
[EventType "game"]
[EventRounds "10"]
[EventCountry "PHI"]
[SourceTitle "CBM 169 Extra"]
[Source "ChessBase"]
[SourceDate "2015.12.18"]
[SourceVersion "1"]
[SourceVersionDate "2015.12.18"]
[SourceQuality "1"]

1. e4 c5 2. Nc3 Nc6 3. f4 g6 4. Bb5 Nd4 5. Nf3 Nxb5 6. Nxb5 a6 7. Nc3 Bg7 8. 0-0 d6 9. Qe1 b5 10. d3 b4 11. Nd1 a5 12. Ne3 Bb7 13. Rb1 Nf6 14. f5 Qc7 15. a3 c4 16. e5 dxe5 17. Nxc4 e4 18. Nfe5 exd3 19. cxd3 Qc5+ 20. Rf2 0-0 21. Be3 Qb5 22. a4 Qxa4 23. fxg6 hxg6 24. Bc5 Ra6 25. Bxe7 Re8 26. Bxf6 Bxf6 27. d4 Qb5 28. Qf1 Qd5 29. Rd1 Ree6 30. Ne3 Qe4 31. N3g4 Kg7 32. Rf4 Qd5 33. Ne3 Qd8 34. Qf2 Re7 35. Rf1 Ree6 36. N3g4 Bd5 37. Ne3 Bb3 38. Qg3 Kg8 39. Nf5 Rxe5 40. dxe5 Bxe5 41. Nh6+ Kh7 42. Rxf7+ Bxf7 43. Rxf7+ Kxh6 44. Qh3+ Kg5 45. Qe3+ 1-0

[Event "Olongapo City Puregold op"]
[Site "Olongapo City"]
[Date "2015.11.17"]
[Round "2"]
[White "Segarra, Randy"]
[Black "Suede, Mikee Charlene"]
[Result "1-0"]
[WhiteElo "2342"]
[BlackElo "2085"]
[PlyCount "93"]
[EventDate "2015.11.16"]
[EventType "game"]
[EventRounds "10"]
[EventCountry "PHI"]
[SourceTitle "CBM 169 Extra"]
[Source "ChessBase"]
[SourceDate "2015.12.18"]
[SourceVersion "1"]
[SourceVersionDate "2015.12.18"]
[SourceQuality "1"]

1. e4 e6 2. d4 d5 3. Nd2 Nc6 4. Ngf3 Nf6 5. e5 Nd7 6. Bd3 Nb4 7. Be2 c5 8. c3 Nc6 9. Nf1 Qb6 10. a3 f6 11. exf6 Nxf6 12. Ng3 Bd6 13. b4 cxd4 14. cxd4 0-0 15. 0-0 Ne4 16. Bd3 Nxg3 17. hxg3 e5 18. dxe5 Nxe5 19. Nxe5 Bxe5 20. Qh5 Bf5 21. Bxf5 Rxf5 22. Qxf5 Bxa1 23. Qxd5+ Kh8 24. Be3 Rd8 25. Bxb6 Rxd5 26. Bxa7 Bb2 27. a4 Kg8 28. Be3 Kf7 29. Rb1 Be5 30. b5 Ke6 31. a5 Bd4 32. Bxd4 Rxd4 33. Ra1 Rd7 34. Kh2 Kf5 35. a6 bxa6 36. bxa6 Ra7 37. Kh3 Ke5 38. f4+ Kf6 39. g4 Ke6 40. Kh4 Kf6 41. Ra5 h6 42. Kg3 Ke6 43. g5 hxg5 44. Rxg5 Kf6 45. Ra5 Kf7 46. Kf3 Kf6 47. g4 1-0

[Event "PHI-ch (Women)"]
[Site "Manila"]
[Date "2015.10.25"]
[Round "2"]
[White "Bernales, Christy Lamiel"]
[Black "Suede, Mikee Charlene"]
[Result "1-0"]
[WhiteElo "2055"]
[BlackElo "2091"]
[PlyCount "87"]
[EventDate "2015.10.24"]
[EventType "tourn"]
[EventRounds "9"]
[EventCountry "PHI"]
[SourceTitle "CBM 169 Extra"]
[Source "ChessBase"]
[SourceDate "2015.12.18"]
[SourceVersion "1"]
[SourceVersionDate "2015.12.18"]
[SourceQuality "1"]

1. e4 e6 2. d4 d5 3. Nd2 Nc6 4. c3 e5 5. exd5 Qxd5 6. dxe5 Nxe5 7. Ngf3 Bf5 8. Nxe5 Qxe5+ 9. Qe2 Bd6 10. Nc4 Qxe2+ 11. Bxe2 Bc5 12. 0-0 0-0-0 13. b4 Be7 14. Be3 Kb8 15. Rfe1 Bf6 16. Rac1 Ne7 17. Bf3 Rd3 18. Bc5 Ng6 19. Na5 Rxf3 20. gxf3 Ne5 21. Re3 b6 22. Rxe5 Bxe5 23. Nc6+ Kb7 24. Nxe5 bxc5 25. Nxf7 Re8 26. Kg2 cxb4 27. cxb4 Be6 28. Ne5 Bxa2 29. Nc6 Bd5 30. Nd4 Rf8 31. Kg3 Rf6 32. h4 Kb6 33. h5 c6 34. Rc5 a6 35. f4 Rf7 36. f5 Kc7 37. Ra5 Bc4 38. Kf4 Bb5 39. Nxb5+ cxb5 40. Rxa6 Kb7 41. Re6 Rc7 42. h6 gxh6 43. f6 Kc8 44. Re8+ 1-0

[Event "Hong Kong op"]
[Site "Hong Kong"]
[Date "2015.10.05"]
[Round "9"]
[White "Chong, Chor Yuen"]
[Black "Suede, Mikee Charlene"]
[Result "0-1"]
[WhiteElo "1986"]
[BlackElo "2091"]
[PlyCount "70"]
[EventDate "2015.10.01"]
[EventType "swiss"]
[EventRounds "9"]
[EventCountry "HKG"]
[SourceTitle "CBM 168 Extra"]
[Source "ChessBase"]
[SourceDate "2015.10.29"]
[SourceVersion "1"]
[SourceVersionDate "2015.10.29"]
[SourceQuality "1"]

1. e4 e6 2. d4 d5 3. Nc3 Nc6 4. Nf3 Nf6 5. Bg5 Be7 6. e5 Ne4 7. Bxe7 Qxe7 8. a3 Nxc3 9. bxc3 Na5 10. Qb1 Bd7 11. a4 b6 12. Bd3 c5 13. h4 Rc8 14. Rh3 c4 15. Be2 0-0 16. Qc1 f6 17. Rg3 Nc6 18. exf6 Rxf6 19. Qg5 h6 20. Qh5 Rcf8 21. Kd2 Be8 22. Qg4 Rf4 23. Qh3 e5 24. dxe5 Bd7 25. e6 Bxe6 26. Qh1 d4 27. Kc1 d3 28. cxd3 Na5 29. Kb2 cxd3 30. Bxd3 Qc5 31. Qf1 Rc8 32. Rc1 Rxa4 33. Qe1 Ra2+ 34. Kb1 Ra1+ 35. Kxa1 Qa3+ 0-1

[Event "Hong Kong op"]
[Site "Hong Kong"]
[Date "2015.10.04"]
[Round "7"]
[White "Zuo, Yifan"]
[Black "Suede, Mikee Charlene"]
[Result "0-1"]
[WhiteElo "1793"]
[BlackElo "2091"]
[PlyCount "120"]
[EventDate "2015.10.01"]
[EventType "swiss"]
[EventRounds "9"]
[EventCountry "HKG"]
[SourceTitle "CBM 168 Extra"]
[Source "ChessBase"]
[SourceDate "2015.10.29"]
[SourceVersion "1"]
[SourceVersionDate "2015.10.29"]
[SourceQuality "1"]

1. d4 Nf6 2. c4 g6 3. Nc3 d5 4. e3 Bg7 5. Nf3 c5 6. Be2 0-0 7. 0-0 cxd4 8. exd4 Nc6 9. h3 Bf5 10. Re1 Rc8 11. a3 Qd7 12. c5 Ne4 13. Bf4 g5 14. Bh2 g4 15. hxg4 Bxg4 16. Bb5 Qf5 17. Bxc6 Rxc6 18. Qd3 Rg6 19. Re3 e6 20. Rf1 Bxf3 21. Rxf3 Qg5 22. Bg3 Nd2 23. Rd1 Nxf3+ 24. Qxf3 h5 25. Nb5 Qg4 26. Qxg4 Rxg4 27. Bd6 Ra8 28. f3 Rg6 29. b4 f5 30. a4 Kf7 31. Bf4 Ke7 32. Nd6 b6 33. c6 Bh6 34. Be5 Be3+ 35. Kf1 Rag8 36. g3 f4 37. c7 Rxg3 38. c8N+ Kd7 39. Ke2 Rg2+ 40. Kd3 Ra2 41. Nxa7 Ra3+ 42. Kc2 Rg2+ 43. Kb1 Rxa4 44. Nab5 Rxb4+ 45. Ka1 Rg8 46. Rd3 Ra8+ 47. Ra3 Rxa3+ 48. Nxa3 h4 49. Nc2 Ra4+ 50. Kb2 h3 51. Nxe3 h2 52. Nxd5 exd5 53. Bxf4 h1Q 54. Kb3 Qd1+ 55. Kb2 Rb4+ 56. Kc3 Qxd4+ 57. Kc2 Qxf4 58. Kd3 Qd4+ 59. Ke2 Rb2+ 60. Kf1 Qd1# 0-1

[Event "Ho Chi Minh City zt 3.3 (Women)"]
[Site "Ho Chi Minh City"]
[Date "2015.03.11"]
[Round "5"]
[White "Suede, Mikee Charlene"]
[Black "Le, Kieu Thien Kim"]
[Result "1-0"]
[WhiteElo "2085"]
[BlackElo "2138"]
[PlyCount "37"]
[EventDate "2015.03.07"]
[EventType "swiss"]
[EventRounds "9"]
[EventCountry "VIE"]
[SourceTitle "CBM 165 Extra"]
[Source "ChessBase"]
[SourceDate "2015.04.21"]
[SourceVersion "1"]
[SourceVersionDate "2015.04.21"]
[SourceQuality "1"]

1. e4 Nf6 2. e5 Nd5 3. d4 d6 4. Bc4 Nb6 5. Bb3 dxe5 6. Qh5 e6 7. dxe5 Nc6 8. Nf3 Nd4 9. 0-0 Ne2+ 10. Kh1 Nxc1 11. Rxc1 Bc5 12. Nc3 0-0 13. Ne4 Be7 14. Rd1 Qe8 15. Nf6+ gxf6 16. exf6 Bxf6 17. Ng5 Bxg5 18. Qxg5+ Kh8 19. Qf6+ 1-0

[Event "Quezon City Puregold op"]
[Site "Quezon City"]
[Date "2014.12.18"]
[Round "7"]
[White "Fronda Pascua, Jan Jodilyn"]
[Black "Suede, Mikee Charlene"]
[Result "1/2-1/2"]
[WhiteElo "2121"]
[BlackElo "1938"]
[PlyCount "60"]
[EventDate "2014.12.14"]
[EventType "swiss"]
[EventRounds "9"]
[EventCountry "PHI"]
[SourceTitle "EXT 2016"]
[Source "ChessBase"]
[SourceDate "2015.10.08"]
[SourceVersion "1"]
[SourceVersionDate "2015.10.08"]
[SourceQuality "1"]

1. d4 d5 2. Nf3 Nf6 3. c4 c6 4. cxd5 cxd5 5. Nc3 Nc6 6. Bf4 Bf5 7. a3 e6 8. e3 Bd6 9. Bxd6 Qxd6 10. Bd3 Bxd3 11. Qxd3 0-0 12. 0-0 a6 13. b4 b5 14. Rfd1 Rac8 15. Rac1 Rc7 16. Rc2 Rfc8 17. Rdc1 Ne7 18. Ne2 Ne4 19. Nd2 Nxd2 20. Qxd2 Rxc2 21. Rxc2 Rxc2 22. Qxc2 Qc6 23. Qxc6 Nxc6 24. Nc3 Kf8 25. f4 f5 26. Kf2 Ke7 27. h4 h5 28. Ke2 Kd6 29. g3 g6 30. Kd3 Ke7 1/2-1/2

[Event "Quezon City Puregold op"]
[Site "Quezon City"]
[Date "2014.12.15"]
[Round "2"]
[White "Suede, Mikee Charlene"]
[Black "Datu, Alcon John"]
[Result "0-1"]
[WhiteElo "1938"]
[BlackElo "2264"]
[PlyCount "136"]
[EventDate "2014.12.14"]
[EventType "swiss"]
[EventRounds "9"]
[EventCountry "PHI"]
[SourceTitle "EXT 2016"]
[Source "ChessBase"]
[SourceDate "2015.10.08"]
[SourceVersion "1"]
[SourceVersionDate "2015.10.08"]
[SourceQuality "1"]

1. e4 e5 2. Nc3 Nf6 3. Bc4 Nc6 4. d3 Na5 5. Nf3 Nxc4 6. dxc4 d6 7. h3 Be7 8. 0-0 0-0 9. Be3 c6 10. Qe2 Qc7 11. Rfd1 h6 12. Rd2 Be6 13. Rad1 Rfd8 14. Kh1 a6 15. a4 Nd7 16. Nh2 Qa5 17. Rb1 Qb4 18. Ng4 Bf8 19. f4 exf4 20. Bxf4 Bxc4 21. Qf3 Ne5 22. Bxe5 dxe5 23. Rxd8 Rxd8 24. Nxe5 Be6 25. Nd3 Qe7 26. Rf1 a5 27. Qh5 Qg5 28. Qxg5 hxg5 29. g4 Rd4 30. Re1 Bb4 31. Nxb4 axb4 32. Nb1 b3 33. cxb3 Bxb3 34. Nc3 Bxa4 35. Kg2 Bb3 36. Kf3 Kf8 37. Ke3 Rb4 38. Re2 Ke7 39. Rd2 Be6 40. e5 Rb3 41. Kd4 b6 42. Ke4 Rb4+ 43. Ke3 f6 44. exf6+ gxf6 45. Rf2 Bd5 46. Kd3 Bf7 47. Re2+ Kd7 48. Rf2 Bg6+ 49. Ke3 Ke6 50. Rd2 f5 51. Kf3 fxg4+ 52. hxg4 b5 53. Rh2 Rb3 54. Re2+ Kd6 55. Kf2 b4 56. Nd1 c5 57. Ne3 Ke5 58. Ng2+ Kd4 59. Ne3 Be4 60. Nf5+ Ke5 61. Ng3 Rf3+ 62. Kg2 Re3+ 63. Kf2 Rxe2+ 64. Nxe2 Bd3 65. Nc1 Ke4 66. Kg3 Ke3 67. Nb3 c4 68. Nc5 c3 0-1

[Event "Quezon City op"]
[Site "Quezon City"]
[Date "2014.12.12"]
[Round "10"]
[White "Suede, Mikee Charlene"]
[Black "Sarip, Roger"]
[Result "1-0"]
[WhiteElo "1938"]
[BlackElo "2222"]
[PlyCount "45"]
[EventDate "2014.12.06"]
[EventType "swiss"]
[EventRounds "10"]
[EventCountry "PHI"]
[SourceTitle "CBM 163 Extra"]
[Source "ChessBase"]
[SourceDate "2014.12.23"]
[SourceVersion "1"]
[SourceVersionDate "2014.12.23"]
[SourceQuality "1"]

1. e4 c5 2. Nc3 Nc6 3. f4 e5 4. Nf3 d6 5. Bc4 Be7 6. 0-0 Nf6 7. d3 a6 8. a3 0-0 9. f5 b5 10. Ba2 Rb8 11. Qe1 Bb7 12. Qg3 Kh8 13. Qh3 Nd4 14. Ng5 Kg8 15. Rf2 c4 16. dxc4 h6 17. Nf3 Nxe4 18. Nxe4 Bxe4 19. Nxd4 exd4 20. Qg4 Re8 21. Qh5 Bf6 22. cxb5 d5 23. g3 1-0

[Event "Quezon City op"]
[Site "Quezon City"]
[Date "2014.12.10"]
[Round "7"]
[White "Nebato, Sheider"]
[Black "Suede, Mikee Charlene"]
[Result "1-0"]
[WhiteElo "2252"]
[BlackElo "1938"]
[PlyCount "87"]
[EventDate "2014.12.06"]
[EventType "swiss"]
[EventRounds "10"]
[EventCountry "PHI"]
[SourceTitle "CBM 163 Extra"]
[Source "ChessBase"]
[SourceDate "2014.12.23"]
[SourceVersion "1"]
[SourceVersionDate "2014.12.23"]
[SourceQuality "1"]

1. d4 Nf6 2. c4 g6 3. Nc3 d5 4. Bg5 Ne4 5. Nxe4 dxe4 6. e3 c6 7. Qd2 Bg7 8. Ne2 0-0 9. Nc3 Bf5 10. Be2 h5 11. h3 Qd7 12. Rg1 f6 13. Bf4 h4 14. 0-0-0 Rc8 15. g4 hxg3 16. Rxg3 b5 17. Rdg1 e5 18. dxe5 Qxd2+ 19. Kxd2 fxe5 20. Bg5 b4 21. Na4 Rc7 22. Bg4 Kh7 23. Bxf5 gxf5 24. Nc5 Rf7 25. Bh4 Nd7 26. Rxg7+ Rxg7 27. Rxg7+ Kxg7 28. Nxd7 Re8 29. Bg5 Kf7 30. h4 Kg6 31. Kc2 f4 32. exf4 exf4 33. Bxf4 Kf5 34. Be3 Rh8 35. Bg5 Kg4 36. Ne5+ Kh3 37. Nxc6 Kg2 38. Be3 Rxh4 39. Nxa7 Rh7 40. Kb3 Kf3 41. Nb5 Ke2 42. c5 Rh8 43. c6 Rc8 44. Na7 1-0

[Event "Quezon City op"]
[Site "Quezon City"]
[Date "2014.12.07"]
[Round "3"]
[White "Suede, Mikee Charlene"]
[Black "Pascua, Haridas"]
[Result "0-1"]
[WhiteElo "1938"]
[BlackElo "2404"]
[PlyCount "84"]
[EventDate "2014.12.06"]
[EventType "swiss"]
[EventRounds "10"]
[EventCountry "PHI"]
[SourceTitle "CBM 163 Extra"]
[Source "ChessBase"]
[SourceDate "2014.12.23"]
[SourceVersion "1"]
[SourceVersionDate "2014.12.23"]
[SourceQuality "1"]

1. e4 g6 2. Nc3 Bg7 3. Bc4 e6 4. d3 Ne7 5. Nf3 d5 6. exd5 exd5 7. Bb3 0-0 8. 0-0 h6 9. Bf4 Kh7 10. Re1 c6 11. d4 Bg4 12. Ng5+ hxg5 13. Qxg4 gxf4 14. Qh4+ Kg8 15. Qxe7 Qxe7 16. Rxe7 Bxd4 17. Rxb7 Na6 18. Ba4 Rac8 19. Re1 Rfe8 20. Kf1 Rxe1+ 21. Kxe1 Nc5 22. Rxa7 Nd3+ 23. cxd3 Bxa7 24. Ke2 Kg7 25. Kf3 g5 26. b4 Kf6 27. Bb3 Ke5 28. Ne2 f5 29. h3 Rb8 30. Ba4 Rxb4 31. Bxc6 Rb2 32. Bd7 Rxa2 33. g3 fxg3 34. fxg3 Rd2 35. Bb5 Rd1 36. Kg2 Be3 37. h4 g4 38. h5 d4 39. Bc4 Re1 40. Nf4 Bxf4 41. gxf4+ Kxf4 42. h6 Re2+ 0-1

[Event "Asia-ch U20 Girls"]
[Site "Tagaytay City"]
[Date "2014.11.29"]
[Round "1"]
[White "San Diego, Jerlyn Mae"]
[Black "Suede, Mikee Charlene"]
[Result "1-0"]
[WhiteElo "1411"]
[BlackElo "1938"]
[PlyCount "109"]
[EventDate "2014.11.29"]
[EventType "swiss"]
[EventRounds "9"]
[EventCountry "PHI"]
[SourceTitle "EXT 2016"]
[Source "ChessBase"]
[SourceDate "2015.10.08"]
[SourceVersion "1"]
[SourceVersionDate "2015.10.08"]
[SourceQuality "1"]

1. e4 e6 2. d4 d5 3. Nc3 Nc6 4. Nf3 Nf6 5. Bg5 Be7 6. e5 Ne4 7. Bxe7 Qxe7 8. Bd3 Qb4 9. 0-0 Nxc3 10. bxc3 Qxc3 11. Ng5 Qxd4 12. Qh5 Nxe5 13. Nxh7 Nxd3 14. Nf6+ gxf6 15. Qxh8+ Ke7 16. cxd3 b5 17. Rac1 c5 18. Rfd1 Bb7 19. Qh3 Rg8 20. Qf3 Bc6 21. g3 b4 22. Qe3 Qxe3 23. fxe3 Kd6 24. Kf2 a5 25. h4 f5 26. h5 Rh8 27. Rh1 Rh6 28. Rh2 Bb5 29. Rd1 a4 30. Kf3 e5 31. g4 Bxd3 32. g5 Be4+ 33. Kg3 Rh7 34. h6 c4 35. Rb2 Kc5 36. Kf2 c3 37. Rc1 Kb5 38. Rxc3 f6 39. gxf6 Rxh6 40. f7 Rf6 41. Rc7 d4 42. exd4 exd4 43. Rd2 b3 44. axb3 axb3 45. Rxd4 b2 46. Rd1 Kb4 47. Rd8 b1Q 48. Rb8+ Ka5 49. Ra7+ Ra6 50. Rxa6+ Kxa6 51. Rxb1 Bxb1 52. f8Q Be4 53. Qb4 Bc6 54. Ke3 Be4 55. Kd4 1-0

[Event "PHI-ch (Women)"]
[Site "Tagaytay City"]
[Date "2010.06.01"]
[Round "10"]
[White "Mejia, Cherry Ann"]
[Black "Suede, Mikee Charlene"]
[Result "1/2-1/2"]
[WhiteElo "1868"]
[BlackElo "1949"]
[PlyCount "93"]
[EventDate "2010.05.25"]
[EventType "tourn"]
[EventRounds "11"]
[EventCountry "PHI"]
[SourceTitle "CBM 136 Extra"]
[Source "ChessBase"]
[SourceDate "2010.07.02"]
[SourceVersion "2"]
[SourceVersionDate "2010.07.15"]
[SourceQuality "1"]

1. e4 e6 2. d3 d5 3. Nd2 Nf6 4. Ngf3 Nc6 5. c3 b6 6. e5 Nd7 7. d4 g6 8. Bd3 Bg7 9. 0-0 0-0 10. Re1 Bb7 11. Nf1 Ne7 12. Bf4 c5 13. Qd2 Re8 14. Bh6 Bh8 15. Qf4 Nc6 16. h4 cxd4 17. cxd4 Nb4 18. Bb1 Rc8 19. Ne3 f5 20. exf6 Nxf6 21. Ne5 Qc7 22. N3g4 Nh5 23. Qg5 Bxe5 24. dxe5 Qf7 25. Nf6+ Nxf6 26. exf6 Nc2 27. h5 Ba6 28. Bxc2 Rxc2 29. Qe5 Rc4 30. b3 Rh4 31. Bg5 Rxh5 32. g4 Rh3 33. Be3 d4 34. Kg2 dxe3 35. fxe3 Rh6 36. Qg5 Qf8 37. f7+ Qxf7 38. Qxh6 Bb7+ 39. e4 Qf6 40. Qe3 Rc8 41. Rac1 Qb2+ 42. Kg3 Rf8 43. Rf1 Qe5+ 44. Kh3 Rd8 45. Rcd1 Rc8 46. Rc1 Rd8 47. Rcd1 1/2-1/2